00394nam a2200157 a 450000100060000000300090000600800410001502000150005604000280007108200100009910000170010924500240012626000440015030000100019465000320020418465CO-ViMGA141112s2004 ck r 000 u spa d a9586020630 aCO-ViMGAbspacCO-ViMGA04aCARpi1 aCarrut, Jane10aLa pierna lastimada aBogotá, cCirculo de lectores, c1982 a22.p.14aCUENTOS INFANTILES INGLESES